Handbook of petroleum refining processes

সংরক্ষণ করুন:
গ্রন্থ-পঞ্জীর বিবরন
বিন্যাস: গ্রন্থ
ভাষা:Undetermined
প্রকাশিত: New York McGraw-Hill 2003
বিষয়গুলি:
ট্যাগগুলো: ট্যাগ যুক্ত করুন
কোনো ট্যাগ নেই, প্রথমজন হিসাবে ট্যাগ করুন!
Thư viện lưu trữ: Trung tâm Học liệu Trường Đại học Cần Thơ
LEADER 00578nam a2200193Ia 4500
001 CTU_61366
008 210402s9999 xx 000 0 und d
020 |b 1965000 
082 |a 665.53 
082 |b H236 
245 0 |a Handbook of petroleum refining processes 
245 0 |c Edited by Robert Allen Meyers 
260 |a New York 
260 |b McGraw-Hill 
260 |c 2003 
650 |a Petroleum,Petroleum chemicals 
650 |x Refining,Handbooks, manuals, etc.,Handbooks, manuals, etc. 
904 |i Minh, Năm 
980 |a Trung tâm Học liệu Trường Đại học Cần Thơ